书目信息 |
| 题名: |
凝固的艺术
|
|
| 作者: | 姜丽荣 , 毛怀东 主编 | |
| 分册: | ||
| 出版信息: | 济南 山东科学技术出版社 2013 |
|
| 页数: | 224页 | |
| 开本: | 23cm | |
| 丛书名: | 简明自然科学向导丛书 | |
| 单 册: | ||
| 中图分类: | TU-49 | |
| 科图分类: | ||
| 主题词: | 建筑学--普及读物 , 建筑学 | |
| 电子资源: | ||
| ISBN: | 978-7-5331-7036-3 | |
| 000 | 00851nam0 2200253 450 | |
| 001 | 142343 | |
| 005 | 20141220163741.76 | |
| 010 | @a978-7-5331-7036-3@dCNY 29.00 | |
| 100 | @a20140129d2013 demy0chiy50 ea | |
| 101 | 0 | @achi |
| 102 | @aCN@b370000 | |
| 105 | @aa z 000yy | |
| 200 | 1 | @a凝固的艺术@9ning gu de yi shu@b专著@f姜丽荣,毛怀东主编 |
| 210 | @a济南@c山东科学技术出版社@d2013 | |
| 215 | @a224页@c图@d23cm | |
| 225 | 1 | @a简明自然科学向导丛书 |
| 330 | @a本书内容建设概论、建筑的分类、建筑设计、建筑结构设计、建筑通暖与空调设计、建筑给水排水、建筑电气设计、建筑材料、建筑施工、建筑机械十部分内容。 | |
| 606 | 0 | @a建筑学@j普及读物 |
| 606 | 0 | @a建筑学 |
| 690 | @aTU-49@v5 | |
| 701 | 0 | @a姜丽荣@9jiang li rong@c(女)@4主编 |
| 701 | 0 | @a毛怀东@9mao huai dong@f(1971 )@4主编 |
| 801 | 0 | @aCN@bGSL@c20141220 |
| 905 | @a241430@dTU-49@eJ517 | |
| 凝固的艺术/姜丽荣,毛怀东主编.-济南:山东科学技术出版社,2013 |
| 224页:图;23cm.-(简明自然科学向导丛书) |
| ISBN 978-7-5331-7036-3:CNY 29.00 |
| 本书内容建设概论、建筑的分类、建筑设计、建筑结构设计、建筑通暖与空调设计、建筑给水排水、建筑电气设计、建筑材料、建筑施工、建筑机械十部分内容。 |
| ● |
| 相关链接 |
|
|
|
正题名:凝固的艺术
索取号:TU-49/J517
 
预约/预借
| 序号 | 登录号 | 条形码 | 馆藏地/架位号 | 状态 | 备注 |
| 1 | 1134640 | 211346408 | 建筑库101/101建筑库 12排3列3层/ [索取号:TU-49/J517] | 在馆 | |
| 2 | 1134641 | 211346417 | 建筑库101/101建筑库 12排3列3层/ [索取号:TU-49/J517] | 在馆 | |
| 3 | 1134642 | 211346426 | 建筑库101/101建筑库 12排3列3层/ [索取号:TU-49/J517] | 在馆 |